Sports Quiz

Random Sports or Auto Racing Quiz
Score 0/28 Timer 04:00
0 Plays Today
% Correct
McLaren
89%
Williams
85.6%
Toro Rosso
85.2%
Williams
83.7%
Sauber
81.8%
Toro Rosso
81.3%
Force India
80.4%
Sauber
80.4%
Williams
79.9%
Renault
78%
Renault
78%
BMW Sauber
77.5%
HRT
77.5%
HRT
76.6%
% Correct
Minardi
76.1%
HRT
74.2%
Jordan
72.7%
Virgin
72.2%
Jordan
71.3%
Jordan
71.3%
Minardi
68.9%
Spyker
68.9%
Minardi
68.9%
Jordan
68.4%
Toyota
67.9%
Arrows
64.1%
Red Bull
60.8%
Prost
56%
Remove Ads.
Support Sporcle.
Get the best of Sporcle when you Go Orange. This ad-free experience offers more features, more stats, and more fun while also helping to support Sporcle. Thank you for becoming a member.

You're not logged in!

Compare scores with friends on all Sporcle quizzes.
OR
Log In

Show Comments

Extras

Top Quizzes Today


Score Distribution

Your Account Isn't Verified!

In order to create a playlist on Sporcle, you need to verify the email address you used during registration. Go to your Sporcle Settings to finish the process.

Report this User

Report this user for behavior that violates our Community Guidelines.

Details: